| Tag |
First Indicator |
Second Indicator |
Subfields |
| LEADER |
00000pam a2200000 a 4500 |
| 001 |
in00000074732 |
| 005 |
20151008054748.0 |
| 008 |
770127s1977 mauab b 00010 engm |
| 010 |
|
|
|a 77001917
|
| 019 |
|
|
|a 3099304
|
| 020 |
|
|
|a 0262220202
|
| 020 |
|
|
|a 026272006X (pbk.)
|
| 035 |
|
|
|a (OCoLC)02797808
|
| 035 |
|
|
|9 AAJ1604AM
|
| 040 |
|
|
|a DLC
|c DLC
|d m.c.
|d TXA
|d UtOrBLW
|
| 043 |
|
|
|a n-us-nv
|
| 049 |
|
|
|a TXAM
|c [1442271]
|
| 050 |
0 |
0 |
|a NA735.L3
|b V4 1977
|
| 082 |
0 |
|
|a 720/.9793/13
|
| 090 |
|
|
|a NA735.L3
|b V4 1980
|
| 100 |
1 |
|
|a Venturi, Robert.
|
| 245 |
1 |
0 |
|a Learning from Las Vegas :
|b the forgotten symbolism of architectural form /
|c Robert Venturi, Denise Scott Brown, Steven Izenour.
|
| 250 |
|
|
|a Rev. ed.
|
| 264 |
|
1 |
|a Cambridge, Mass. :
|b MIT Press,
|c [1977]
|
| 264 |
|
3 |
|c 1980 printing
|
| 264 |
|
4 |
|c ©1977
|
| 300 |
|
|
|a xvii, 192 pages :
|b illustrations, maps ;
|c 24 cm.
|
| 336 |
|
|
|a text
|b txt
|2 rdacontent
|
| 337 |
|
|
|a unmediated
|b n
|2 rdamedia
|
| 338 |
|
|
|a volume
|b nc
|2 rdacarrier
|
| 504 |
|
|
|a Bibliography: pages [167]-189.
|
| 650 |
|
0 |
|a Architecture
|z Nevada
|z Las Vegas.
|
| 650 |
|
0 |
|a Symbolism in architecture.
|
| 700 |
1 |
|
|a Scott Brown, Denise,
|d 1931-
|
| 700 |
1 |
|
|a Izenour, Steven.
|
| 999 |
|
|
|a MARS
|
| 999 |
f |
f |
|s 4ce0413a-1664-3af1-b0bf-b0c58ef48ff4
|i 609c1b42-068f-34f3-86f3-97304effe63d
|t 0
|
| 952 |
f |
f |
|p normal
|a Texas A&M University
|b College Station
|c Sterling C. Evans Library
|s Evans stk
|d Evans: Library Stacks
|t 0
|e NA735.L3 V4 1980
|h Library of Congress classification
|i unmediated -- volume
|m A14826429350
|
| 952 |
f |
f |
|p normal
|a Texas A&M University
|b College Station
|c Sterling C. Evans Library
|s Evans stk
|d Evans: Library Stacks
|t 0
|e NA735.L3 V4 1980
|h Library of Congress classification
|i unmediated -- volume
|m A14830471694
|
| 998 |
f |
f |
|a NA735.L3 V4 1980
|t 0
|l Evans: Library Stacks
|
| 998 |
f |
f |
|a NA735.L3 V4 1980
|t 0
|l Evans: Library Stacks
|